Building law encyclopaedia (Record no. 110424)

MARC details
000 -LEADER
fixed length control field 01394cam a22002655a 4500
001 - CONTROL NUMBER
control field 149220
008 - FIXED-LENGTH DATA ELEMENTS--GENERAL INFORMATION
fixed length control field 100205s2009 xxk f 000 0 eng d
020 ## - INTERNATIONAL STANDARD BOOK NUMBER
International Standard Book Number 9781444309904
035 ## - SYSTEM CONTROL NUMBER
System control number (Sirsi) u149220
041 0# - LANGUAGE CODE
Language code of text/sound track or separate title eng
050 04 - LIBRARY OF CONGRESS CALL NUMBER
Classification number 690.026
100 1# - MAIN ENTRY--PERSONAL NAME
Personal name Chappell, David
245 00 - TITLE STATEMENT
Title Building law encyclopaedia
Medium [electronic resource]
260 ## - PUBLICATION, DISTRIBUTION, ETC.
Place of publication, distribution, etc. [S.l.]
Name of publisher, distributor, etc. Wiley-Blackwell
Date of publication, distribution, etc. 2009
300 ## - PHYSICAL DESCRIPTION
Extent eBook
520 ## - SUMMARY, ETC.
Summary, etc. This eBook is a concise and authoritative reference, providing information in reasonable depth on an extensive number of legal terms, principles, phrases and issues that are commonly encountered in the construction industry. Most standard contracts are referred to, including the current suite of JCT Contracts, SBC, IC, ICD, MW, MWD, as well as ACA, PPC 2000, GC/Works/1 and NEC. In addition, some contracts which are theoretically out of date, but which are still in common use, are also covered. With detailed reference to appropriate case law and legislation, construction lawyers will also find it of considerable value in the course of their work.
590 ## - LOCAL NOTE (RLIN)
Local note ka
650 24 - SUBJECT ADDED ENTRY--TOPICAL TERM
Topical term or geographic name entry element EBOOK
651 #4 - SUBJECT ADDED ENTRY--GEOGRAPHIC NAME
Geographic name ENGLAND AND WALES
690 ## - LOCAL SUBJECT ADDED ENTRY--TOPICAL TERM (OCLC, RLIN)
Topical term or geographic name as entry element BUILT ENVIRONMENT-CONSTRUCTION MANAGEMENT
700 1# - ADDED ENTRY--PERSONAL NAME
Personal name Cowlin, Michael
700 1# - ADDED ENTRY--PERSONAL NAME
Personal name Dunn, Michael
856 48 - ELECTRONIC LOCATION AND ACCESS
Uniform Resource Identifier <a href="https://www.vlebooks.com/">https://www.vlebooks.com/</a>
Public note View on VLEbooks. Logins for members only from [email protected]
942 ## - ADDED ENTRY ELEMENTS (KOHA)
Suppress in OPAC 0
Holdings
Withdrawn status Lost status Source of classification or shelving scheme Damaged status Not for loan Home library Current library Shelving location Date acquired Cost, normal purchase price Total Checkouts Full call number Barcode Date last seen Copy number Cost, replacement price Price effective from Koha item type
    Dewey Decimal Classification     Virtual Virtual Online 05/02/2010 108.57   EBOOK 149220-1001 06/08/2019 1 108.57 06/08/2019 Book